Qui a participé à "Qui est l’imposteur ?" avec Squeezie ? Mort subite - Statistiques

Statistiques générales
  • Ce quiz a été pris 130 fois
  • Le résultat moyen est 10 sur 14
Answers on the Grid
Answers color-coded by a green-red scale on the quiz's grid according to % correct below.
Alain Chabat
Amine et Billy
Aya Nakamura
Charles Leclerc
Cyprien Iov
David Guetta
Denis Brogniart
DJ Snake
Djilsi
Eric et Ramzy
Gims
Jamel Debbouze
Jean-Pascal Zadi
Jonathan Cohen
Jul
Julien Song
Kylian Mbappé
Marion Cotillard
Matt Pokora
Mcfly et Carlito
Michou
Omar Sy
Orelsan
Philippe Etchebest
Philippe Lacheau
Samuel Étienne
SCH
Theodora
Timothée Chalamet
Vald
 
Statistiques - réponses
Réponse % Correct
Alain Chabat
87%
Aya Nakamura
87%
Charles Leclerc
82%
Eric et Ramzy
78%
Jonathan Cohen
72%
Marion Cotillard
69%
DJ Snake
68%
Orelsan
68%
SCH
63%
Theodora
63%
Jean-Pascal Zadi
62%
Omar Sy
62%
Jamel Debbouze
60%
Vald
56%
Aucun quiz correspondant
Distribution des résultats
% des personnes avec chaque résultat
Percentile par nombre de réponses
Votre historique - résultats
Vous n’avez pas pris ce quiz